Dance MOMS - Statistics

General Stats
  • This quiz has been taken 576 times
  • The average score is 14 of 17
Answer Stats
Hint Answer % Correct
star in sia's videos maddie
100%
best style of dance is acro brooke
96%
Youngest dancer in the group Mackenzie
92%
what mom helped out at abby's front desk melissa
92%
who is twinsies with Chloe paige
91%
won season 2 nationals chloe
89%
what mom is best friends with kelly christi
88%
who has A LOT of bows Jojo
88%
Mom that had a fight with abby season 4 episode 7 kelly
88%
who was the 3rd dancer at the ALDC to record a song nia
87%
assistant choreographer to abby gianna
85%
who is the mom that likes to snoop around to get her daughter ahead Jill
83%
what mom did not want to ride the bus in season 1 cathy
81%
who has never forgot a solo on stage kendall
73%
what is Holly's nickname Dr. Holly
70%
best friend is Addy kalani
46%
mom who only is on the show for her daughter Kira
45%
No matching quizzes found
Score Distribution
Percent of People with Each Score
Percentile by Number Answered
Your Score History
You have not taken this quiz